Trăng trong tập thơ "Điên" của Hàn Mặc Tử /

שמור ב:
מידע ביבליוגרפי
מחבר ראשי: Trần Thị Thùy Trang.
פורמט: Bài viết
שפה:Vietnamese
תגים: הוספת תג
אין תגיות, היה/י הראשונ/ה לתייג את הרשומה!
Thư viện lưu trữ: Thư viện Trường Đại học Đà Lạt
LEADER 00695nam a2200229 4500
001 DLU120137178
005 ##20120712
040 # # |a DLU  |b vie 
041 # # |a vie 
044 # # |a vn 
100 # # |a Trần Thị Thùy Trang. 
245 # # |a Trăng trong tập thơ "Điên" của Hàn Mặc Tử /  |c Trần Thị Thùy Trang. 
773 # # |t Hội nghị khoa học - Sau Đại học năm 2011  |g năm 2011, tr. 223-234 
920 # # |a Phòng Tạp chí -- Trung tâm Thông tin - Thư viện Trường Đại học Đà Lạt 
994 # # |a DLU 
900 # # |a True 
911 # # |a Nguyễn Thị Minh Cầm 
925 # # |a G 
926 # # |a A 
927 # # |a BB 
980 # # |a Thư viện Trường Đại học Đà Lạt